[Event "Titled Tuesday intern op 20th July"]
[Site "Chess.com INT"]
[Date "2021.07.20"]
[Round "5"]
[White "Johnson, Ben"]
[Black "Maidana, Cristian"]
[Result "1-0"]
[WhiteElo "2128"]
[BlackElo "2218"]
[PlyCount "59"]
[EventDate "2021.07.20"]
[EventType "swiss (blitz)"]
[EventRounds "11"]
[EventCountry "USA"]
[SourceTitle "CBM 203 Extra"]
[Source "ChessBase"]
[SourceDate "2021.09.30"]
[SourceVersion "1"]
[SourceVersionDate "2021.09.30"]
[SourceQuality "1"]

1. Nf3 g6 2. e4 Bg7 3. d4 c5 4. Be3 cxd4 5. Bxd4 Nf6 6. Nc3 Nc6 7. Be3 d6 8. h3 0-0 9. Be2 Bd7 10. 0-0 Qa5 11. Qd2 Rfe8 12. Rad1 Qb4 13. Nd4 Ne5 14. f4 Nc4 15. Bxc4 Qxc4 16. e5 Nd5 17. Nxd5 Qxd5 18. exd6 exd6 19. c3 Qxa2 20. f5 Qd5 21. fxg6 hxg6 22. Qf2 Re7 23. Nf3 Qe6 24. Bd4 Bc6 25. Bxg7 Kxg7 26. Nd4 Qd7 27. Qf6+ Kg8 28. Rf4 Rae8 29. Rh4 Re1+ 30. Kh2 1-0

[Event "Titled Tuesday intern op 20th July"]
[Site "Chess.com INT"]
[Date "2021.07.20"]
[Round "7"]
[White "Maidana, Cristian"]
[Black "Gabriel, Robert A"]
[Result "0-1"]
[WhiteElo "2218"]
[BlackElo "2236"]
[PlyCount "50"]
[EventDate "2021.07.20"]
[EventType "swiss (blitz)"]
[EventRounds "11"]
[EventCountry "USA"]
[SourceTitle "CBM 203 Extra"]
[Source "ChessBase"]
[SourceDate "2021.09.30"]
[SourceVersion "1"]
[SourceVersionDate "2021.09.30"]
[SourceQuality "1"]

1. d4 d5 2. Bf4 Nf6 3. e3 e6 4. Nd2 Bd6 5. Bg3 b6 6. Ngf3 0-0 7. Bd3 Ba6 8. Bxa6 Nxa6 9. c3 c5 10. Ne5 Bxe5 11. Bxe5 Nc7 12. 0-0 Nce8 13. a4 c4 14. b3 cxb3 15. Qxb3 Nd6 16. Qb4 Nc4 17. Nxc4 dxc4 18. Qxc4 Rc8 19. Qa6 Nd5 20. Qxa7 Ra8 21. Qb7 Nxc3 22. Bc7 Qd7 23. e4 Rfc8 24. Qxa8 Rxa8 25. Bxb6 Rxa4 0-1

[Event "Titled Tuesday intern op 13th July"]
[Site "Chess.com INT"]
[Date "2021.07.13"]
[Round "6"]
[White "Ismayil, Malak"]
[Black "Maidana, Cristian"]
[Result "1-0"]
[WhiteElo "2067"]
[BlackElo "2218"]
[PlyCount "65"]
[EventDate "2021.07.13"]
[EventType "swiss (blitz)"]
[EventRounds "11"]
[EventCountry "USA"]
[SourceTitle "CBM 203 Extra"]
[Source "ChessBase"]
[SourceDate "2021.09.30"]
[SourceVersion "1"]
[SourceVersionDate "2021.09.30"]
[SourceQuality "1"]

1. e4 g6 2. d4 Bg7 3. Nc3 c5 4. dxc5 Bxc3+ 5. bxc3 Qa5 6. Qd4 Nf6 7. Qb4 Nc6 8. Qxa5 Nxa5 9. Bd3 b6 10. cxb6 axb6 11. Be3 Ba6 12. Bxb6 Bxd3 13. cxd3 Nc6 14. Nf3 0-0 15. 0-0 Rfb8 16. Rfb1 d6 17. a4 Nd7 18. Be3 Rxb1+ 19. Rxb1 Rxa4 20. Kf1 Ra2 21. Nd2 Nde5 22. Ke2 f6 23. h3 Kf7 24. f4 Nd7 25. Rb7 Nf8 26. Rb6 Na5 27. Ra6 Nd7 28. Ra7 Nb8 29. Bb6 Nbc6 30. Ra8 h5 31. Ke3 Ra3 32. Kf3 Ra4 33. Nc4 1-0

[Event "Titled Tuesday intern op 13th July"]
[Site "Chess.com INT"]
[Date "2021.07.13"]
[Round "1"]
[White "Skatchkov, Valery"]
[Black "Maidana, Cristian"]
[Result "1-0"]
[WhiteElo "2291"]
[BlackElo "2218"]
[PlyCount "63"]
[EventDate "2021.07.13"]
[EventType "swiss (blitz)"]
[EventRounds "11"]
[EventCountry "USA"]
[SourceTitle "CBM 203 Extra"]
[Source "ChessBase"]
[SourceDate "2021.09.30"]
[SourceVersion "1"]
[SourceVersionDate "2021.09.30"]
[SourceQuality "1"]

1. d4 Nf6 2. c4 c5 3. d5 b5 4. Nf3 d6 5. Qc2 g6 6. e4 Nbd7 7. cxb5 a6 8. Nc3 Bg7 9. a4 0-0 10. Ra3 Ng4 11. Be2 Nge5 12. Nxe5 Nxe5 13. Be3 f5 14. exf5 Bxf5 15. Qd2 c4 16. 0-0 Nd3 17. b6 Qc8 18. a5 Qb7 19. Ra4 Rac8 20. Rxc4 Rxc4 21. Bxd3 Rg4 22. Qe2 Bxc3 23. bxc3 Qxd5 24. Be4 Rxe4 25. Rd1 Qe6 26. b7 Rb8 27. Qxa6 Qd7 28. Rb1 Rxe3 29. Qa8 Qd8 30. Qa7 Bxb1 31. fxe3 Qc7 32. a6 1-0

[Event "Titled Tuesday intern op 13th July"]
[Site "Chess.com INT"]
[Date "2021.07.13"]
[Round "3"]
[White "Zanette, Edgard Vinicius"]
[Black "Maidana, Cristian"]
[Result "1-0"]
[WhiteElo "2157"]
[BlackElo "2218"]
[PlyCount "39"]
[EventDate "2021.07.13"]
[EventType "swiss (blitz)"]
[EventRounds "11"]
[EventCountry "USA"]
[SourceTitle "CBM 203 Extra"]
[Source "ChessBase"]
[SourceDate "2021.09.30"]
[SourceVersion "1"]
[SourceVersionDate "2021.09.30"]
[SourceQuality "1"]

1. e4 g6 2. d4 Bg7 3. Nc3 c5 4. Nf3 Nc6 5. Be3 cxd4 6. Nxd4 d6 7. Be2 Nf6 8. Nb3 0-0 9. 0-0 Be6 10. h3 Ne5 11. Nd2 Bd7 12. f4 Nc6 13. Bf3 Qa5 14. a3 Rfc8 15. Qe2 e5 16. Nc4 Qc7 17. Nb5 Qd8 18. Nbxd6 Bf8 19. Nxc8 Rxc8 20. fxe5 1-0

[Event "Titled Tuesday intern op 01st June"]
[Site "Chess.com INT"]
[Date "2021.06.01"]
[Round "8"]
[White "Cramling, Pia"]
[Black "Maidana, Cristian"]
[Result "1-0"]
[WhiteElo "2459"]
[BlackElo "2218"]
[PlyCount "57"]
[EventDate "2021.06.01"]
[EventType "swiss (blitz)"]
[EventRounds "11"]
[EventCountry "USA"]
[SourceTitle "CBM 202 Extra"]
[Source "ChessBase"]
[SourceDate "2021.07.31"]
[SourceVersion "1"]
[SourceVersionDate "2021.07.31"]
[SourceQuality "1"]

1. d4 c6 2. Nf3 d5 3. c4 e6 4. Qc2 f5 5. Bf4 Nf6 6. g3 Bd6 7. Bxd6 Qxd6 8. Bg2 0-0 9. 0-0 Ne4 10. Ne5 Nd7 11. f3 Nxe5 12. fxe4 Nxc4 13. e5 Qb4 14. Rf3 Qxb2 15. Qxb2 Nxb2 16. Nd2 b5 17. Nb3 a5 18. Nc5 a4 19. Rc1 Nc4 20. h3 h5 21. g4 hxg4 22. hxg4 g6 23. Kf2 Rf7 24. gxf5 gxf5 25. Rg3+ Rg7 26. Rxg7+ Kxg7 27. Rg1 b4 28. Bxd5+ Kf7 29. Bxc4 1-0

[Event "Titled Tuesday intern op 01st June"]
[Site "Chess.com INT"]
[Date "2021.06.01"]
[Round "9"]
[White "Maidana, Cristian"]
[Black "Levin, Guy"]
[Result "0-1"]
[WhiteElo "2218"]
[BlackElo "2380"]
[PlyCount "56"]
[EventDate "2021.06.01"]
[EventType "swiss (blitz)"]
[EventRounds "11"]
[EventCountry "USA"]
[SourceTitle "CBM 202 Extra"]
[Source "ChessBase"]
[SourceDate "2021.07.31"]
[SourceVersion "1"]
[SourceVersionDate "2021.07.31"]
[SourceQuality "1"]

1. c3 Nf6 2. d4 b6 3. Bg5 Bb7 4. Bxf6 gxf6 5. Nd2 f5 6. Ngf3 e6 7. e3 Be7 8. Bd3 d6 9. Qe2 Nd7 10. e4 fxe4 11. Nxe4 Nf6 12. Neg5 h6 13. Nxe6 fxe6 14. Qxe6 Bd5 15. Qe3 Qd7 16. Bg6+ Kd8 17. c4 Bxc4 18. Rc1 Qe6 19. Rxc4 Qxc4 20. Nd2 Qc1+ 21. Ke2 Qxh1 22. Qf3 Rb8 23. Ne4 Nxe4 24. Bxe4 Qc1 25. Qg4 Qxb2+ 26. Kf3 Rf8+ 27. Kg3 Qxf2+ 28. Kh3 Qe3+ 0-1

[Event "Titled Tuesday intern op 01st June"]
[Site "Chess.com INT"]
[Date "2021.06.01"]
[Round "6"]
[White "Maidana, Cristian"]
[Black "Valle Maytin, Luis Enrique"]
[Result "0-1"]
[WhiteElo "2218"]
[BlackElo "2284"]
[PlyCount "110"]
[EventDate "2021.06.01"]
[EventType "swiss (blitz)"]
[EventRounds "11"]
[EventCountry "USA"]
[SourceTitle "CBM 202 Extra"]
[Source "ChessBase"]
[SourceDate "2021.07.31"]
[SourceVersion "1"]
[SourceVersionDate "2021.07.31"]
[SourceQuality "1"]

1. c3 c6 2. d4 d5 3. Nf3 Bf5 4. Qb3 Qb6 5. Bf4 Nd7 6. Nbd2 Ngf6 7. Nh4 Bg6 8. Nxg6 hxg6 9. h3 e6 10. f3 c5 11. Qxb6 Nxb6 12. e3 Be7 13. Bb5+ Kd8 14. 0-0-0 cxd4 15. exd4 a6 16. Bd3 Kd7 17. Kb1 Bd6 18. Bxd6 Kxd6 19. b3 Rhc8 20. a4 Rc6 21. Kb2 Rac8 22. Nb1 Nh5 23. Rhe1 Nf4 24. Bf1 Nd7 25. a5 g5 26. c4 dxc4 27. bxc4 Nf6 28. Re5 Nh7 29. Nc3 f6 30. Ree1 Nf8 31. Ne4+ Kc7 32. c5 Rd8 33. Nd6 Rdxd6 34. cxd6+ Rxd6 35. g3 Nd5 36. Bc4 Kd7 37. Rc1 Ng6 38. Bxd5 Rxd5 39. Kc3 Rxa5 40. Rb1 Ra3+ 41. Kb4 Rxf3 42. Kc5 b5 43. Kb6 Rxg3 44. d5 exd5 45. Rbd1 Nf4 46. Kxa6 b4 47. Kb6 b3 48. Rb1 Rxh3 49. Rec1 g4 50. Rc6 Ne6 51. Ra1 b2 52. Ra7+ Kd8 53. Rxe6 b1Q+ 54. Kc6 Rc3+ 55. Kd6 Qb6+ 0-1

[Event "Titled Tuesday intern op 21st July"]
[Site "Chess.com INT"]
[Date "2020.07.21"]
[Round "9"]
[White "Maidana, Cristian"]
[Black "Albuquerque, Wellington S Jr"]
[Result "0-1"]
[WhiteElo "2218"]
[BlackElo "2209"]
[PlyCount "66"]
[EventDate "2020.07.21"]
[EventType "swiss (blitz)"]
[EventRounds "10"]
[EventCountry "USA"]
[SourceTitle "CBM 197 Extra"]
[Source "ChessBase"]
[SourceDate "2020.09.30"]
[SourceVersion "1"]
[SourceVersionDate "2020.09.30"]
[SourceQuality "1"]

1. d4 Nf6 2. Bf4 g6 3. e3 Bg7 4. h3 d6 5. Nf3 0-0 6. Be2 Nfd7 7. Bh2 Nc6 8. 0-0 e5 9. c4 exd4 10. exd4 Re8 11. Nc3 a6 12. Qd2 Nf6 13. Bd3 Ne7 14. Rad1 Bf5 15. c5 Bxd3 16. Qxd3 dxc5 17. dxc5 Qxd3 18. Rxd3 c6 19. Rfd1 Ned5 20. Ne5 Bf8 21. Na4 Re6 22. Nc4 Re2 23. Be5 Re8 24. f4 Nd7 25. Kf1 Nxe5 26. Nxe5 Re4 27. Nb6 Ne3+ 28. Ke2 Nxd1+ 29. Kxd1 Rxf4 30. Nbd7 Rf5 31. g3 h6 32. g4 Rf4 33. Rd6 Bxd6 0-1

[Event "Titled Tuesday intern op 21st July"]
[Site "Chess.com INT"]
[Date "2020.07.21"]
[Round "4"]
[White "Maidana, Cristian"]
[Black "Dobre, Claudiu Cristian"]
[Result "0-1"]
[WhiteElo "2218"]
[BlackElo "2314"]
[PlyCount "42"]
[EventDate "2020.07.21"]
[EventType "swiss (blitz)"]
[EventRounds "10"]
[EventCountry "USA"]
[SourceTitle "CBM 197 Extra"]
[Source "ChessBase"]
[SourceDate "2020.09.30"]
[SourceVersion "1"]
[SourceVersionDate "2020.09.30"]
[SourceQuality "1"]

1. d4 f5 2. Nc3 Nf6 3. Bg5 c6 4. Bxf6 exf6 5. e3 d5 6. Bd3 Bd6 7. Qf3 g6 8. h4 h5 9. Nge2 Nd7 10. 0-0-0 Nf8 11. Nf4 Kf7 12. Nce2 b5 13. Ng3 a5 14. Bxb5 cxb5 15. Qxd5+ Be6 16. Nxe6 Nxe6 17. e4 Bxg3 18. fxg3 Qxd5 19. exd5 Nc7 20. d6 Nd5 21. Rhe1 Rhd8 0-1

[Event "Titled Tuesday intern op 21st July"]
[Site "Chess.com INT"]
[Date "2020.07.21"]
[Round "2"]
[White "Rottenwohrer Suarez, Juan"]
[Black "Maidana, Cristian"]
[Result "1-0"]
[WhiteElo "2197"]
[BlackElo "2218"]
[PlyCount "47"]
[EventDate "2020.07.21"]
[EventType "swiss (blitz)"]
[EventRounds "10"]
[EventCountry "USA"]
[SourceTitle "CBM 197 Extra"]
[Source "ChessBase"]
[SourceDate "2020.09.30"]
[SourceVersion "1"]
[SourceVersionDate "2020.09.30"]
[SourceQuality "1"]

1. c4 c5 2. Nf3 Nf6 3. d4 cxd4 4. Nxd4 g6 5. Nc3 Bg7 6. g3 d5 7. cxd5 Nxd5 8. Ndb5 Nxc3 9. Qxd8+ Kxd8 10. Nxc3 Bd7 11. Bg2 Bc6 12. 0-0 Bxg2 13. Rd1+ Nd7 14. Kxg2 Bxc3 15. bxc3 Rc8 16. Bh6 f6 17. Be3 b6 18. a4 Ke8 19. a5 Rf8 20. axb6 axb6 21. f4 Nc5 22. Ra7 Rd8 23. Rxd8+ Kxd8 24. Ra8+ 1-0

[Event "Titled Tuesday intern op 14th July"]
[Site "Chess.com INT"]
[Date "2020.07.14"]
[Round "10"]
[White "Sarkar, Justin"]
[Black "Maidana, Cristian"]
[Result "1/2-1/2"]
[WhiteElo "2380"]
[BlackElo "2218"]
[PlyCount "83"]
[EventDate "2020.07.14"]
[EventType "swiss (blitz)"]
[EventRounds "10"]
[EventCountry "USA"]
[SourceTitle "CBM 197 Extra"]
[Source "ChessBase"]
[SourceDate "2020.09.30"]
[SourceVersion "1"]
[SourceVersionDate "2020.09.30"]
[SourceQuality "1"]

1. d4 Nf6 2. c4 e6 3. Nc3 Bb4 4. e3 0-0 5. Bd3 d5 6. cxd5 exd5 7. Nge2 b6 8. Bd2 Bb7 9. 0-0 a6 10. f3 Re8 11. Rc1 c5 12. a3 Ba5 13. Bb1 Nc6 14. dxc5 bxc5 15. Na4 Bxd2 16. Qxd2 c4 17. Nd4 Na5 18. Nc5 Bc8 19. Rfd1 Qd6 20. Qxa5 Rxe3 21. Na4 Rb8 22. Qd2 Re8 23. Re1 Be6 24. Nc3 Qb6 25. Re2 Nd7 26. Kh1 Nc5 27. Rce1 Rf8 28. Bf5 Bxf5 29. Nxf5 Nd3 30. Rd1 Qxb2 31. Qxb2 Nxb2 32. Rxd5 Rb3 33. Rc2 Nd3 34. h4 Rxa3 35. Rd7 a5 36. Ne7+ Kh8 37. Kh2 a4 38. Ra7 Nb4 39. Rb2 Nd3 40. Rc2 Nb4 41. Rc1 Nd3 42. Rc2 1/2-1/2

[Event "Titled Tuesday intern op 14th July"]
[Site "Chess.com INT"]
[Date "2020.07.14"]
[Round "7"]
[White "Xie, Bryan"]
[Black "Maidana, Cristian"]
[Result "1-0"]
[WhiteElo "2050"]
[BlackElo "2218"]
[PlyCount "85"]
[EventDate "2020.07.14"]
[EventType "swiss (blitz)"]
[EventRounds "10"]
[EventCountry "USA"]
[SourceTitle "CBM 197 Extra"]
[Source "ChessBase"]
[SourceDate "2020.09.30"]
[SourceVersion "1"]
[SourceVersionDate "2020.09.30"]
[SourceQuality "1"]

1. e4 e6 2. d4 d5 3. Nc3 Nf6 4. e5 Nfd7 5. f4 c5 6. Nf3 Nc6 7. Be3 cxd4 8. Nxd4 Qb6 9. Qd2 Nxd4 10. Bxd4 Bc5 11. Na4 Qc6 12. Nxc5 Nxc5 13. Qb4 Na6 14. Qb5 0-0 15. Qxc6 bxc6 16. c3 Rb8 17. 0-0-0 f6 18. Bd3 c5 19. Bxa6 cxd4 20. Bxc8 Rbxc8 21. Rxd4 fxe5 22. fxe5 Rf2 23. Rd2 Rcf8 24. Re1 Rf1 25. Kd1 R8f5 26. Rxf1 Rxf1+ 27. Kc2 Rh1 28. Kd3 Rxh2 29. Kd4 Rh4+ 30. Kc5 g5 31. Kd6 Kf7 32. Rf2+ Rf4 33. Rd2 h5 34. b4 h4 35. a4 a5 36. b5 Rxa4 37. b6 Ra1 38. Rb2 a4 39. b7 a3 40. b8Q axb2 41. Qxb2 Ra7 42. Qb8 Re7 43. Qh8 1-0

[Event "Titled Tuesday intern op 7th July"]
[Site "Chess.com INT"]
[Date "2020.07.07"]
[Round "3"]
[White "Trichkov, Vasil"]
[Black "Maidana, Cristian"]
[Result "1-0"]
[WhiteElo "2302"]
[BlackElo "2218"]
[PlyCount "55"]
[EventDate "2020.07.07"]
[EventType "swiss (blitz)"]
[EventRounds "10"]
[EventCountry "USA"]
[SourceTitle "CBM 197 Extra"]
[Source "ChessBase"]
[SourceDate "2020.09.30"]
[SourceVersion "1"]
[SourceVersionDate "2020.09.30"]
[SourceQuality "1"]

1. d4 Nf6 2. Nf3 e6 3. g3 b5 4. Bg2 Bb7 5. 0-0 d5 6. a4 a6 7. b3 Nbd7 8. c4 bxc4 9. bxc4 dxc4 10. Qc2 c5 11. Ba3 Be7 12. dxc5 0-0 13. Qxc4 Rc8 14. Rd1 Qc7 15. Nbd2 Bxc5 16. Bxc5 Qxc5 17. Rdc1 Qa5 18. Qf4 Nd5 19. Qd6 N7f6 20. Nc4 Qd8 21. Qe5 Rc5 22. Nd6 Rxc1+ 23. Rxc1 Ba8 24. Nc4 Qb8 25. Qa1 Rc8 26. Nfe5 Qb3 27. a5 Nb4 28. Nb6 1-0

[Event "Titled Tuesday intern op 9th June"]
[Site "Chess.com INT"]
[Date "2020.06.09"]
[Round "10"]
[White "Gabriel, Robert A"]
[Black "Maidana, Cristian"]
[Result "0-1"]
[WhiteElo "2236"]
[BlackElo "2218"]
[PlyCount "124"]
[EventDate "2020.06.09"]
[EventType "swiss (blitz)"]
[EventRounds "10"]
[EventCountry "USA"]
[SourceTitle "CBM 196 Extra"]
[Source "ChessBase"]
[SourceDate "2020.07.31"]
[SourceVersion "1"]
[SourceVersionDate "2020.07.31"]
[SourceQuality "1"]

1. d4 Nf6 2. Nf3 e6 3. c4 Bb4+ 4. Bd2 c5 5. Bxb4 cxb4 6. g3 0-0 7. Bg2 d6 8. 0-0 a5 9. a3 Na6 10. Nbd2 Re8 11. Ne1 e5 12. Nc2 Bf5 13. e4 Bg4 14. f3 Be6 15. d5 Bd7 16. axb4 axb4 17. Nb3 Qb6+ 18. Kh1 Rec8 19. Qe2 Nc7 20. Ne3 Na6 21. h4 Nh5 22. Kh2 g6 23. Bh3 Bxh3 24. Kxh3 Nc5 25. Nxc5 Qxc5 26. b3 Ra6 27. Nc2 Rf8 28. Qe3 Rxa1 29. Rxa1 b6 30. Qxc5 bxc5 31. Ra6 Rd8 32. Ne1 f5 33. Ra7 Nf6 34. exf5 gxf5 35. Kg2 Rd7 36. Ra8+ Kg7 37. Nd3 Kg6 38. Kf2 e4 39. Nf4+ Kh6 40. Ne6 exf3 41. Kxf3 Ne4 42. Kf4 Nd2 43. Kxf5 Rf7+ 44. Kg4 Nxb3 45. Kh3 Nd4 46. Rg8 Nxe6 47. dxe6 Re7 48. Rb8 Rxe6 49. Rb6 Kg6 50. g4 Kf6 51. Kg3 Ke5 52. g5 Kd4 53. Kg4 Kxc4 54. h5 Kc3 55. g6 hxg6 56. h6 Re1 57. Kg5 Rg1+ 58. Kf6 b3 59. Rxd6 b2 60. Rb6 Kc2 61. Kg7 c4 62. h7 Rh1 0-1

[Event "Titled Tuesday intern op 9th June"]
[Site "Chess.com INT"]
[Date "2020.06.09"]
[Round "9"]
[White "Maidana, Cristian"]
[Black "Lapertosa Viana, Julio"]
[Result "1-0"]
[WhiteElo "2218"]
[BlackElo "2012"]
[PlyCount "77"]
[EventDate "2020.06.09"]
[EventType "swiss (blitz)"]
[EventRounds "10"]
[EventCountry "USA"]
[SourceTitle "CBM 196 Extra"]
[Source "ChessBase"]
[SourceDate "2020.07.31"]
[SourceVersion "1"]
[SourceVersionDate "2020.07.31"]
[SourceQuality "1"]

1. d4 d5 2. Bf4 c5 3. e3 Nf6 4. Nd2 Nc6 5. c3 Bf5 6. Ngf3 e6 7. Bb5 Bd6 8. Ne5 Bxe5 9. Bxe5 0-0 10. Bxc6 bxc6 11. dxc5 a5 12. b4 Nd7 13. Bd6 Re8 14. 0-0 e5 15. e4 dxe4 16. Qe2 Qh4 17. g3 Qh3 18. Nxe4 Bg4 19. Qe3 Be6 20. Ng5 Qf5 21. Nxe6 Qxe6 22. Rfe1 f6 23. a4 axb4 24. cxb4 Qc4 25. Qd2 Nf8 26. Qa2 Qxa2 27. Rxa2 Ne6 28. Rea1 Nd4 29. Kf1 Red8 30. Ke1 Nf5 31. Bc7 Rd4 32. b5 cxb5 33. axb5 Rxa2 34. Rxa2 Rc4 35. b6 Nd4 36. b7 Nc6 37. Bb6 Kf7 38. Ra8 Ke6 39. Rc8 1-0

[Event "Titled Tuesday intern op 6th June"]
[Site "Chess.com INT"]
[Date "2020.06.02"]
[Round "8"]
[White "Bonin, Jay R"]
[Black "Maidana, Cristian"]
[Result "1-0"]
[WhiteElo "2236"]
[BlackElo "2218"]
[PlyCount "68"]
[EventDate "2020.06.02"]
[EventType "swiss (blitz)"]
[EventRounds "10"]
[EventCountry "USA"]
[SourceTitle "CBM 196 Extra"]
[Source "ChessBase"]
[SourceDate "2020.07.31"]
[SourceVersion "1"]
[SourceVersionDate "2020.07.31"]
[SourceQuality "1"]

1. d4 Nf6 2. Nf3 e6 3. c4 Bb4+ 4. Bd2 a5 5. g3 0-0 6. Bg2 Re8 7. 0-0 Nc6 8. Bg5 h6 9. Bxf6 Qxf6 10. c5 e5 11. a3 e4 12. Ne5 Nxe5 13. dxe5 Qxe5 14. axb4 Qxb2 15. Nd2 e3 16. Nc4 Qxb4 17. Nxe3 Qxc5 18. Nd5 Re5 19. Rc1 Qa3 20. Nxc7 Rb8 21. Nd5 b5 22. e4 Ba6 23. f4 Ree8 24. Nc7 Red8 25. Nxa6 Rb6 26. Nc5 Rc6 27. Nd3 Rxc1 28. Nxc1 b4 29. e5 b3 30. Qxb3 Qc5+ 31. Kh1 d6 32. Nd3 Qe3 33. Bd5 dxe5 34. Nxe5 Kh8 1-0

[Event "Titled Tuesday intern op 6th June"]
[Site "Chess.com INT"]
[Date "2020.06.02"]
[Round "3"]
[White "Maidana, Cristian"]
[Black "Titichoca Daza, Daniel Henry"]
[Result "0-1"]
[WhiteElo "2218"]
[BlackElo "2090"]
[PlyCount "128"]
[EventDate "2020.06.02"]
[EventType "swiss (blitz)"]
[EventRounds "10"]
[EventCountry "USA"]
[SourceTitle "CBM 196 Extra"]
[Source "ChessBase"]
[SourceDate "2020.07.31"]
[SourceVersion "1"]
[SourceVersionDate "2020.07.31"]
[SourceQuality "1"]

1. d4 Nf6 2. Bf4 g6 3. e3 Bg7 4. Nf3 0-0 5. h3 d6 6. Be2 b6 7. a4 a6 8. 0-0 Bb7 9. Nc3 Nbd7 10. Bh2 Ne4 11. Nxe4 Bxe4 12. Nd2 Bb7 13. Bf3 Qc8 14. b4 c5 15. bxc5 bxc5 16. c3 Rb8 17. Rb1 Bxf3 18. Qxf3 Qc7 19. Qe2 Qa5 20. Qc4 Nb6 21. Qb3 Qxa4 22. dxc5 Qxb3 23. Rxb3 Na4 24. Rxb8 Rxb8 25. cxd6 exd6 26. Bxd6 Rd8 27. Nc4 Nxc3 28. g3 f5 29. Kg2 Ne4 30. Bb4 Rb8 31. Ba5 Rc8 32. Na3 Bb2 33. Nb1 Rc5 34. Bd8 a5 35. Kf3 a4 36. g4 a3 37. gxf5 gxf5 38. Nxa3 Bxa3 39. Be7 Nd2+ 40. Ke2 Nxf1 41. Bxc5 Bxc5 42. Kxf1 Kf7 43. Kg2 Ke6 44. Kf3 Ke5 45. Ke2 Ke4 46. f3+ Ke5 47. Kd3 h5 48. Ke2 h4 49. Kd3 Be7 50. Ke2 Bg5 51. Kd3 Bh6 52. Ke2 Kd6 53. Kd3 Kc5 54. Kc3 Bxe3 55. Kd3 f4 56. Ke2 Kc4 57. Kf1 Kd3 58. Kg2 Ke2 59. Kh2 Kxf3 60. Kh1 Ke4 61. Kh2 Bc5 62. Kh1 Bd6 63. Kg2 f3+ 64. Kf1 Bc5 0-1

[Event "Titled Tuesday intern op 26th May"]
[Site "Chess.com INT"]
[Date "2020.05.26"]
[Round "1"]
[White "Maidana, Cristian"]
[Black "Kavyev, Ruslan"]
[Result "0-1"]
[WhiteElo "2218"]
[BlackElo "2327"]
[PlyCount "36"]
[EventDate "2020.05.26"]
[EventType "swiss (blitz)"]
[EventRounds "10"]
[EventCountry "USA"]
[SourceTitle "CBM 196 Extra"]
[Source "ChessBase"]
[SourceDate "2020.07.31"]
[SourceVersion "1"]
[SourceVersionDate "2020.07.31"]
[SourceQuality "1"]

1. d4 Nf6 2. Bf4 c5 3. c3 Qb6 4. Qc1 cxd4 5. Nf3 dxc3 6. Nxc3 Nc6 7. e4 d6 8. Bb5 g6 9. Bh6 Bg4 10. Bxf8 Rxf8 11. Ng1 a6 12. Ba4 0-0-0 13. Bxc6 Qxc6 14. Qd2 Kb8 15. Rc1 Nxe4 16. Qe3 Nxc3 17. Rxc3 Qxg2 18. f3 Be6 0-1

[Event "Titled Tuesday intern op 19th May"]
[Site "Chess.com INT"]
[Date "2020.05.19"]
[Round "10"]
[White "Balabayeva, Kseniya"]
[Black "Maidana, Cristian"]
[Result "1-0"]
[WhiteElo "2146"]
[BlackElo "2218"]
[PlyCount "67"]
[EventDate "2020.05.19"]
[EventType "swiss (blitz)"]
[EventRounds "10"]
[EventCountry "USA"]
[SourceTitle "EXT 2021"]
[Source "ChessBase"]
[SourceDate "2020.10.23"]
[SourceVersion "1"]
[SourceVersionDate "2020.10.23"]
[SourceQuality "1"]

1. e4 e6 2. d4 d5 3. Nd2 Nf6 4. e5 Nfd7 5. Bd3 c5 6. c3 Nc6 7. Ngf3 cxd4 8. cxd4 f6 9. exf6 Qxf6 10. 0-0 Bd6 11. Nb3 h6 12. Qc2 0-0 13. a3 e5 14. dxe5 Ndxe5 15. Nxe5 Bxe5 16. f4 Bd6 17. Bd2 Bf5 18. Rae1 Nd4 19. Qc3 Rac8 20. Qxd4 Bc5 21. Qxc5 Rxc5 22. Nxc5 Bxd3 23. Nxd3 Qd4+ 24. Re3 Rc8 25. Rfe1 Qb6 26. Kh1 Rc2 27. R3e2 Qb5 28. Ne5 Rxb2 29. f5 d4 30. Ng6 Rb1 31. Rxb1 Qxb1+ 32. Re1 Qd3 33. Re8+ Kf7 34. Rf8# 1-0

[Event "Titled Tuesday intern op 19th May"]
[Site "Chess.com INT"]
[Date "2020.05.19"]
[Round "1"]
[White "Liang, Justin S"]
[Black "Maidana, Cristian"]
[Result "1-0"]
[WhiteElo "2067"]
[BlackElo "2218"]
[PlyCount "109"]
[EventDate "2020.05.19"]
[EventType "swiss (blitz)"]
[EventRounds "10"]
[EventCountry "USA"]
[SourceTitle "EXT 2021"]
[Source "ChessBase"]
[SourceDate "2020.10.23"]
[SourceVersion "1"]
[SourceVersionDate "2020.10.23"]
[SourceQuality "1"]

1. b3 d5 2. Bb2 c5 3. e3 a6 4. Nf3 Nc6 5. d4 cxd4 6. exd4 Bg4 7. Nbd2 g6 8. Bd3 Bg7 9. 0-0 Nh6 10. h3 Bf5 11. Bxf5 Nxf5 12. c3 0-0 13. Re1 Rc8 14. Nf1 e6 15. Qd2 Nd6 16. Ng3 h5 17. h4 f6 18. Rxe6 Kf7 19. Rae1 Ne4 20. Nxe4 Kxe6 21. Nc5+ Kf7 22. Nxb7 Qc7 23. Nc5 Rfe8 24. Nd3 Qa5 25. a4 Kg8 26. Nf4 Bh6 27. Rxe8+ Rxe8 28. Qd3 Bxf4 29. Qxg6+ Kf8 30. Qxf6+ Kg8 31. Qxf4 Qd8 32. Qh6 Qe7 33. Ng5 Nd8 34. Qg6+ Kh8 35. Qxh5+ Kg7 36. Ba3 Rh8 37. Bxe7 Rxh5 38. Bxd8 Kg6 39. g4 Rxh4 40. f3 Rh8 41. Ne6 Kf7 42. Ng5+ Kg6 43. Be7 Re8 44. Ne6 Rxe7 45. Nf4+ Kg5 46. Nxd5 Rd7 47. c4 Kh4 48. Kf2 Rb7 49. b4 Rb8 50. b5 axb5 51. axb5 Ra8 52. b6 Ra2+ 53. Ke3 Rb2 54. c5 Kg3 55. c6 1-0